[Event "Lichtenberger Sommer 2018"]
[Site "?"]
[Date "2018.08.19"]
[Round "2.3"]
[White "Kapr, Klaus"]
[Black "Ahmadinia, Ebrahim"]
[Result "0-1"]
[WhiteElo "1999"]
[BlackElo "2418"]
[PlyCount "78"]
[EventDate "2018.??.??"]
[WhiteTeam "SC Friesen Lichtenberg"]
[BlackTeam "SF 1903 Berlin"]

1. e4 g6 2. d4 Bg7 3. Nf3 d6 4. Be2 Nf6 5. Nc3 O-O 6. O-O c6 7. a4 Nbd7 8. h3
e5 9. Be3 Qe7 10. dxe5 dxe5 11. Qc1 Nc5 12. Bg5 a5 13. Qe3 Ne6 14. Bh6 Re8 15.
Bxg7 Nxg7 16. Bc4 Nfh5 17. Qh6 Be6 18. Ng5 Nf6 19. Be2 Qf8 20. g4 Bc8 21. f4
Ne6 22. Qxf8+ Kxf8 23. Nxe6+ Bxe6 24. f5 gxf5 25. gxf5 Bd7 26. Rad1 Ke7 27. Kf2
Rg8 28. Bc4 h6 29. Kf3 Rg5 30. Rg1 Rag8 31. Ne2 b5 32. Bb3 b4 33. Rxg5 hxg5 34.
c3 Rh8 35. Ng1 bxc3 36. bxc3 Rh4 37. Re1 Rf4+ 38. Kg2 Rxe4 39. Rf1 g4 0-1

[Event "Lichtenberger Sommer 2018"]
[Site "?"]
[Date "2018.08.19"]
[Round "2.4"]
[White "Gullaksen, Eirik"]
[Black "Bonnez, Finn"]
[Result "1-0"]
[WhiteElo "2357"]
[BlackElo "1946"]
[PlyCount "83"]
[EventDate "2018.??.??"]
[WhiteTeam "Bergens Schakklub"]
[BlackTeam "Norrebro Chessclub"]

1. e4 b6 2. d4 e6 3. a3 Bb7 4. Nc3 Nf6 5. e5 Ng8 6. Nf3 d5 7. Ne2 c5 8. c3 Nc6
9. Ng3 Be7 10. Bd3 h6 11. h4 Qc7 12. Nh5 Bf8 13. Be3 c4 14. Bc2 O-O-O 15. Nd2
g6 16. Ng3 Bg7 17. h5 g5 18. f4 gxf4 19. Bxf4 Qd7 20. Qg4 Bf8 21. O-O Qe8 22.
Be3 Rd7 23. Rf2 Nd8 24. Ba4 Bc6 25. Bxc6 Nxc6 26. Qf3 Rb7 27. b3 cxb3 28. Nxb3
Nd8 29. a4 Ne7 30. a5 Nec6 31. axb6 axb6 32. Rfa2 Be7 33. Ra8+ Kc7 34. Nf1 Qg8
35. Nfd2 Bg5 36. c4 Bxe3+ 37. Qxe3 Qg4 38. cxd5 exd5 39. Rc1 Rg8 40. Qf2 Qxh5
41. Qf6 Qg6 42. Qe7# 1-0

[Event "Lichtenberger Sommer 2018"]
[Site "?"]
[Date "2018.08.19"]
[Round "2.5"]
[White "Silz, Elisa"]
[Black "Figura, Atila Gajo"]
[Result "0-1"]
[WhiteElo "2002"]
[BlackElo "2389"]
[PlyCount "88"]
[EventDate "2018.??.??"]
[WhiteTeam "SV Empor Berlin"]
[BlackTeam "SK Zehlendorf"]

1. d4 d5 2. c4 Nc6 3. Nc3 dxc4 4. d5 Ne5 5. Bf4 Ng6 6. Bg3 e5 7. e4 a6 8. a4
Bd6 9. Bxc4 Nf6 10. Nf3 O-O 11. O-O Qe7 12. Re1 Nh5 13. Nd2 Nhf4 14. Ne2 h5 15.
Bxf4 exf4 16. Nd4 Ne5 17. Be2 g6 18. Rc1 Bd7 19. Nc4 Bb4 20. Nd2 Bxa4 21. b3
Be8 22. Qc2 Rc8 23. Red1 Bd7 24. N2f3 c5 25. dxc6 Nxc6 26. Qd3 Rfd8 27. Qb1 Ba3
28. Rc4 b5 29. Nxc6 Bxc6 30. Rxd8+ Qxd8 31. Rd4 Qe7 32. b4 Bb7 33. Qb3 Bc1 34.
Qd3 Bc6 35. Qb1 Be8 36. h3 Rc6 37. Ne1 f3 38. Bxf3 Bh6 39. Nd3 Rc4 40. Rxc4
bxc4 41. Nc5 Bb5 42. Qa2 Qd6 43. Be2 Qd2 44. Bxc4 Qc1+ 0-1

[Event "Lichtenberger Sommer 2018"]
[Site "?"]
[Date "2018.08.19"]
[Round "2.6"]
[White "Florstedt, Johannes"]
[Black "Kutschke, Jens"]
[Result "1-0"]
[WhiteElo "2306"]
[BlackElo "1984"]
[PlyCount "63"]
[EventDate "2018.??.??"]
[WhiteTeam "SF 1903 Berlin"]
[BlackTeam "SF 1903 Berlin"]

1. c4 Nf6 2. g3 g6 3. Bg2 d5 4. cxd5 Nxd5 5. Nc3 Nxc3 6. bxc3 Bg7 7. h4 h5 8.
Rb1 c6 9. Nf3 O-O 10. O-O Qa5 11. Qb3 Nd7 12. d4 Nb6 13. Ng5 Qa4 14. Ba3 Qxb3
15. axb3 Re8 16. Ra1 f6 17. Ne4 Bf5 18. Nc5 Bc8 19. Nd3 a6 20. e4 Nd7 21. Rfd1
e5 22. Ra2 Nf8 23. Bd6 exd4 24. cxd4 f5 25. e5 Ne6 26. d5 cxd5 27. Bxd5 Kh7 28.
Rc2 Nd4 29. Rc5 Ra7 30. Bf7 b6 31. Bxe8 bxc5 32. Bxc5 1-0

[Event "Lichtenberger Sommer 2018"]
[Site "?"]
[Date "2018.08.19"]
[Round "2.7"]
[White "Deutschbein, Christopher"]
[Black "Hacker, Jonas"]
[Result "0-1"]
[WhiteElo "1990"]
[BlackElo "2316"]
[PlyCount "71"]
[EventDate "2018.??.??"]
[WhiteTeam "Eckernförder SC"]
[BlackTeam "SC Eppingen"]

1. e4 e5 2. Nf3 Nc6 3. Bc4 Nf6 4. d3 Be7 5. O-O O-O 6. Re1 d6 7. c3 Na5 8. Nbd2
Nxc4 9. Nxc4 Be6 10. Ne3 h6 11. Nf1 Re8 12. d4 Bf8 13. Ng3 Bd7 14. Qd3 b5 15.
b3 Bc6 16. d5 Bd7 17. Bb2 c5 18. c4 a6 19. Bc3 g6 20. Nd2 h5 21. Nf3 Nh7 22.
Bd2 h4 23. Nf1 f5 24. h3 Rb8 25. Rab1 fxe4 26. Rxe4 Bf5 27. Ne3 Nf6 28. Nxf5
gxf5 29. Rxh4 e4 30. Qe3 exf3 31. Qg5+ Bg7 32. Bc3 Rb7 33. Rh6 Ne4 34. Qg6 Nxc3
35. Qh7+ Kf8 36. Rh5 0-1

[Event "Lichtenberger Sommer 2018"]
[Site "?"]
[Date "2018.08.19"]
[Round "2.8"]
[White "Teh, Eu Wen Aron"]
[Black "Eberlein, Johann"]
[Result "1-0"]
[WhiteElo "2286"]
[BlackElo "1936"]
[PlyCount "65"]
[EventDate "2018.??.??"]
[WhiteTeam "Imperial College Chess Club"]
[BlackTeam "BSV 63 Chemie Weißensee"]

1. d4 g6 2. c4 Bg7 3. Nc3 d6 4. e4 Nd7 5. Be2 e5 6. d5 Ne7 7. g4 O-O 8. g5 f5
9. gxf6 Nxf6 10. Be3 c6 11. f3 cxd5 12. cxd5 Nh5 13. Qd2 Nf4 14. O-O-O Bd7 15.
Kb1 a6 16. Bf1 b5 17. Nce2 Bh6 18. h4 Nc8 19. h5 g5 20. Nxf4 gxf4 21. Bf2 Nb6
22. Bxb6 Qxb6 23. Bh3 Bxh3 24. Nxh3 Kf7 25. Nf2 Bg5 26. Ng4 Rac8 27. Rc1 Rc4
28. Qg2 Qd4 29. Rcd1 Qc5 30. Nxe5+ dxe5 31. Qxg5 Rc2 32. Qf5+ Ke7 33. Qxe5+ 1-0

[Event "Lichtenberger Sommer 2018"]
[Site "?"]
[Date "2018.08.19"]
[Round "2.9"]
[White "Verbitsky, Jaroslaw"]
[Black "Petersen, Soren Boeck"]
[Result "0-1"]
[WhiteElo "1845"]
[BlackElo "2212"]
[PlyCount "48"]
[EventDate "2018.??.??"]
[WhiteTeam "SV Mattnetz Berlin"]
[BlackTeam "Damhus Skakklub"]

1. d4 d5 2. c4 e6 3. Nc3 c6 4. b3 Bb4 5. Bd2 dxc4 6. e3 cxb3 7. Qxb3 Be7 8. Nf3
Nf6 9. Na4 O-O 10. Be2 Nbd7 11. Rc1 Re8 12. O-O Bd6 13. Rfd1 Qe7 14. Nb2 a5 15.
a4 Ne4 16. Be1 Bb4 17. Bxb4 axb4 18. Nd3 Nc3 19. Re1 Rxa4 20. Rxc3 Ra3 21. Qxb4
Qxb4 22. Nxb4 Rxc3 23. Ra1 Kf8 24. Ng5 Nf6 0-1

[Event "Lichtenberger Sommer 2018"]
[Site "?"]
[Date "2018.08.19"]
[Round "2.10"]
[White "Boetzer, Detlef"]
[Black "Joppien, Arne"]
[Result "1-0"]
[WhiteElo "2218"]
[BlackElo "1921"]
[PlyCount "55"]
[EventDate "2018.??.??"]
[WhiteTeam "SC Rotation Pankow"]
[BlackTeam "TSV Cadenberge"]

1. e4 c6 2. c4 d5 3. exd5 cxd5 4. cxd5 Qxd5 5. Nc3 Qa5 6. d4 e6 7. Nf3 Nf6 8.
Bd3 Be7 9. O-O O-O 10. Re1 Nc6 11. a3 b6 12. Nb5 Bb4 13. Nd2 Bxd2 14. Bxd2 Qa6
15. Bg5 Nd5 16. Nc7 Qb7 17. Nxa8 Qxa8 18. Be4 f6 19. Bxd5 exd5 20. Bf4 Bf5 21.
Rc1 Qb7 22. b4 Rc8 23. b5 Na5 24. Rxc8+ Bxc8 25. Qh5 g6 26. Qe2 Bd7 27. Qe7 Bc8
28. Bh6 1-0

[Event "Lichtenberger Sommer 2018"]
[Site "?"]
[Date "2018.08.19"]
[Round "2.11"]
[White "Badestein, Hartmut"]
[Black "Polatel, Ali"]
[Result "0-1"]
[WhiteElo "2025"]
[BlackElo "2230"]
[PlyCount "106"]
[EventDate "2018.??.??"]
[WhiteTeam "SC Friesen Lichtenberg"]
[BlackTeam "SC Zugzwang 95 (Berlin)"]

1. e4 c5 2. Nf3 g6 3. Qe2 Nc6 4. g3 Bg7 5. Bg2 e6 6. O-O d6 7. d3 Nge7 8. Nbd2
Rb8 9. Re1 O-O 10. Nf1 b5 11. h4 a5 12. h5 b4 13. N1h2 e5 14. Be3 a4 15. Qd2 f6
16. Nh4 g5 17. Nf5 Nxf5 18. exf5 Ne7 19. g4 Qc7 20. c3 a3 21. cxb4 axb2 22.
Qxb2 Rxb4 23. Qc3 Qb6 24. Bf3 Ba6 25. Bd1 Qc6 26. a3 Rb6 27. Bf3 Qa4 28. Bd1
Qd7 29. a4 Rfb8 30. a5 Rb4 31. Bd2 Bf8 32. Qc1 Nd5 33. Bxb4 Nxb4 34. Be2 d5 35.
Qc3 Bd6 36. Nf3 Kg7 37. Rab1 Qc7 38. Qd2 h6 39. Ra1 Re8 40. Rec1 Qe7 41. d4
Bxe2 42. Qxe2 cxd4 43. a6 d3 44. Qd2 e4 45. a7 Ra8 46. Nd4 Qe5 47. Ne6+ Kh7 48.
f4 gxf4 49. Rc7+ Bxc7 50. Qxb4 Qxa1+ 51. Kh2 f3+ 52. Nxc7 Qe5+ 53. Kh3 Qxc7 0-1

[Event "Lichtenberger Sommer 2018"]
[Site "?"]
[Date "2018.08.19"]
[Round "2.12"]
[White "Postler, Reinhard"]
[Black "Jaeger, Andre"]
[Result "1-0"]
[WhiteElo "2251"]
[BlackElo "1974"]
[PlyCount "63"]
[EventDate "2018.??.??"]
[WhiteTeam "TSG Oberschöneweide"]
[BlackTeam "SC Rochade (Berlin)"]

1. e4 c5 2. Nf3 Nc6 3. d4 cxd4 4. Nxd4 Nf6 5. Nc3 e5 6. Ndb5 d6 7. Bg5 a6 8.
Na3 b5 9. Nd5 Be7 10. Bxf6 Bxf6 11. c3 Ne7 12. Nc2 Nxd5 13. Qxd5 Rb8 14. Rd1
Bb7 15. Qd3 O-O 16. Be2 Qb6 17. O-O Rfd8 18. Ne3 Bg5 19. Nd5 Bxd5 20. Qxd5 Rbc8
21. Qb3 Qc6 22. Rd5 g6 23. Rfd1 Kg7 24. g3 Be7 25. Qb4 f5 26. exf5 gxf5 27.
Rxe5 Kf6 28. Red5 Qe8 29. Qd4+ Kg6 30. Bd3 Bf6 31. Bxf5+ Kf7 32. Qg4 1-0

[Event "Lichtenberger Sommer 2018"]
[Site "?"]
[Date "2018.08.19"]
[Round "2.13"]
[White "Eisheh, Jens-Tarek"]
[Black "Kapp, Martin"]
[Result "0-1"]
[WhiteElo "1947"]
[BlackElo "2233"]
[PlyCount "58"]
[EventDate "2018.??.??"]
[WhiteTeam "Lübecker SV"]
[BlackTeam "SV Erzgebirge Stollberg"]

1. e4 e6 2. d4 d5 3. Nc3 Bb4 4. exd5 exd5 5. Bd3 Nf6 6. Nge2 Bg4 7. f3 Be6 8.
O-O c5 9. Na4 c4 10. c3 cxd3 11. Qxd3 Bd6 12. Nf4 O-O 13. Nc5 Bc8 14. Qc2 Qc7
15. Ncd3 Nc6 16. Qf2 Ne7 17. Bd2 Ng6 18. g3 Bf5 19. Rfe1 Rfe8 20. Qf1 Nxf4 21.
Nxf4 Qb6 22. b3 h6 23. Kg2 Qc7 24. Nd3 Qd7 25. Nf2 Rxe1 26. Rxe1 Re8 27. g4
Rxe1 28. Qxe1 Bg6 29. Qe3 Qe6 0-1

[Event "Lichtenberger Sommer 2018"]
[Site "?"]
[Date "2018.08.19"]
[Round "2.14"]
[White "Lampe, Dirk"]
[Black "Tschernatsch, Johannes"]
[Result "1-0"]
[WhiteElo "2188"]
[BlackElo "1714"]
[PlyCount "89"]
[EventDate "2018.??.??"]
[WhiteTeam "Lübecker SV"]
[BlackTeam "USV Potsdam"]

1. e4 c5 2. Nf3 d6 3. d4 cxd4 4. Nxd4 Nf6 5. Nc3 a6 6. Be2 e5 7. Nf3 Be7 8. Bg5
Be6 9. Bxf6 Bxf6 10. Nd2 O-O 11. Nc4 Be7 12. a4 Qc7 13. Ne3 b6 14. O-O Bg5 15.
Ned5 Qb7 16. Bc4 Nc6 17. g3 Bh6 18. Kg2 Rae8 19. Qd3 a5 20. Ba6 Qa7 21. Bb5 Qb7
22. Qc4 Bd7 23. Rad1 Re6 24. Bxc6 Bxc6 25. Qb3 Rb8 26. Nb5 g6 27. f3 Bf8 28.
Rd3 Bxd5 29. Qxd5 Qxd5 30. Rxd5 Rc8 31. c3 Rc4 32. b3 Rc5 33. Rfd1 Rxd5 34.
Rxd5 f5 35. Na3 fxe4 36. fxe4 Re8 37. Nc4 Rc8 38. Rb5 Rc5 39. Rxc5 dxc5 40.
Nxb6 Bd6 41. Kf3 Kf7 42. Ke3 Kf6 43. h3 Kg5 44. Kd3 h5 45. Nd5 1-0

[Event "Lichtenberger Sommer 2018"]
[Site "?"]
[Date "2018.08.19"]
[Round "2.15"]
[White "Roth, Joachim"]
[Black "Kohler, Thomas"]
[Result "0-1"]
[WhiteElo "1959"]
[BlackElo "2161"]
[PlyCount "80"]
[EventDate "2018.??.??"]
[WhiteTeam "SG Bund"]
[BlackTeam "SC Zitadelle Spandau"]

1. d4 Nf6 2. Bg5 Ne4 3. Bf4 c5 4. d5 Qb6 5. Bc1 e6 6. f3 Nf6 7. e4 exd5 8. exd5
Bd6 9. Ne2 O-O 10. Na3 Re8 11. c3 Bf8 12. Nc4 Qa6 13. Qd3 b5 14. Ne3 Qd6 15.
Bd2 c4 16. Qd4 Bb7 17. O-O-O Nxd5 18. Nxd5 Qxd5 19. Qg4 Qe6 20. Qg5 a6 21. Nd4
Qg6 22. Be2 Nc6 23. Rhe1 Nxd4 24. cxd4 Qxg5 25. Bxg5 Bd6 26. g3 Rxe2 27. Rxe2
Bxf3 28. Rde1 Bxe2 29. Rxe2 f6 30. Bd2 Kf7 31. Kc2 a5 32. b3 cxb3+ 33. Kxb3 a4+
34. Kc2 Rc8+ 35. Kd3 Ba3 36. Re1 Bb2 37. Bb4 Rc4 38. Bc5 d6 39. Bb6 Rc3+ 40.
Kd2 Rc6 0-1

[Event "Lichtenberger Sommer 2018"]
[Site "?"]
[Date "2018.08.19"]
[Round "2.17"]
[White "Hesse, Henrik"]
[Black "Heppert, Lars"]
[Result "1/2-1/2"]
[WhiteElo "2137"]
[BlackElo "1925"]
[PlyCount "101"]
[EventDate "2018.??.??"]
[WhiteTeam "SV Mattnetz Berlin"]
[BlackTeam "SK Neuburg"]

1. c4 g6 2. g3 Bg7 3. Bg2 e5 4. Nc3 Ne7 5. e3 Nbc6 6. Nge2 Nf5 7. d3 d6 8. Rb1
a5 9. a3 O-O 10. O-O Rb8 11. b4 axb4 12. axb4 Be6 13. Nd5 Nce7 14. e4 Nh6 15.
b5 Nxd5 16. cxd5 Bd7 17. Ba3 Qe7 18. d4 Ra8 19. Bb4 f5 20. dxe5 fxe4 21. b6
Bxe5 22. bxc7 Bg4 23. Qd2 Bf3 24. Qxh6 Bxe2 25. Rfe1 Bf3 26. Bxf3 exf3 27. Rec1
Rfc8 28. Qe3 Qf6 29. Rc4 b5 30. Rc2 h5 31. Bc3 Ra3 32. Rbc1 Qf5 33. Qe1 Qh3 34.
Qf1 Qxf1+ 35. Kxf1 Rxc7 36. Bxe5 Rxc2 37. Rxc2 dxe5 38. Ke1 Rd3 39. Rc5 b4 40.
Rb5 b3 41. d6 e4 42. d7 Rxd7 43. Rxb3 Rd4 44. Rb7 Ra4 45. h4 Ra1+ 46. Kd2 Ra2+
47. Ke3 Re2+ 48. Kf4 Rxf2 49. Kxe4 Rf1 50. Rb3 f2 51. Kf3 1/2-1/2

[Event "Lichtenberger Sommer 2018"]
[Site "?"]
[Date "2018.08.19"]
[Round "2.18"]
[White "Möller, Dustin"]
[Black "Bartoszewski-Reiski, Olaf"]
[Result "1-0"]
[WhiteElo "2149"]
[BlackElo "1873"]
[PlyCount "57"]
[EventDate "2018.??.??"]
[WhiteTeam "Eckernförder SC"]
[BlackTeam "Korona Gdansk"]

1. d4 Nf6 2. c4 c5 3. d5 e6 4. Nc3 exd5 5. cxd5 d6 6. Nf3 g6 7. Nd2 Bg7 8. Nc4
a6 9. Bf4 Bf8 10. a4 Nh5 11. Bd2 Nd7 12. Ne4 Nb6 13. Ba5 Nxc4 14. Bxd8 Kxd8 15.
Qb3 Ne5 16. Qb6+ Kd7 17. e3 f5 18. Nxc5+ dxc5 19. Qe6+ Kd8 20. Qxe5 Bg7 21.
Qd6+ Bd7 22. Qxc5 Rc8 23. Qb6+ Ke7 24. Bd3 f4 25. exf4 Rhf8 26. O-O Rxf4 27.
Rae1+ Kf7 28. Qd6 Bg4 29. h3 1-0

[Event "Lichtenberger Sommer 2018"]
[Site "?"]
[Date "2018.08.19"]
[Round "2.19"]
[White "Schmidt, Rico"]
[Black "Amelang, Thomas"]
[Result "0-1"]
[WhiteElo "1804"]
[BlackElo "2177"]
[PlyCount "39"]
[EventDate "2018.??.??"]
[WhiteTeam "SG Weißensee 49"]
[BlackTeam "Münchener SC"]

1. d4 g6 2. Nc3 Bg7 3. Nf3 d6 4. Bg5 c6 5. Qd2 Nd7 6. e4 Qa5 7. Be2 Ngf6 8. h4
h6 9. Bf4 e5 10. dxe5 dxe5 11. Bg3 O-O 12. h5 Nxh5 13. Rxh5 gxh5 14. O-O-O Re8
15. Bh4 Nf8 16. Nh2 Be6 17. Bxh5 Ng6 18. Bxg6 fxg6 19. f4 exf4 20. Be1 0-1

[Event "Lichtenberger Sommer 2018"]
[Site "?"]
[Date "2018.08.19"]
[Round "2.20"]
[White "Grassi, Fabrizio"]
[Black "Niehaus, Frank"]
[Result "1/2-1/2"]
[WhiteElo "1896"]
[BlackElo "2191"]
[PlyCount "57"]
[EventDate "2018.??.??"]
[WhiteTeam "SV Berlin-Friedrichstadt"]
[BlackTeam "SK König Tegel"]

1. d4 Nf6 2. Bf4 g6 3. e3 Bg7 4. Nf3 O-O 5. Be2 d6 6. O-O c5 7. c3 Nbd7 8. h3
b6 9. a4 a6 10. Nbd2 Bb7 11. Bh2 Ra7 12. Qb3 Qa8 13. Qa3 Ne4 14. Nxe4 Bxe4 15.
b4 cxd4 16. cxd4 Rc7 17. Rfc1 Rfc8 18. Rxc7 Rxc7 19. Rc1 Rxc1+ 20. Qxc1 Qc6 21.
Qxc6 Bxc6 22. b5 axb5 23. Bxb5 Bxb5 24. axb5 Kf8 25. Kf1 Ke8 26. Ke2 h6 27. Kd3
Kd8 28. Bg3 Nf6 29. Nd2 1/2-1/2

[Event "Lichtenberger Sommer 2018"]
[Site "?"]
[Date "2018.08.19"]
[Round "2.21"]
[White "Moser, Axel"]
[Black "Bornschein, Burkhard"]
[Result "0-1"]
[WhiteElo "2144"]
[BlackElo "1971"]
[PlyCount "78"]
[EventDate "2018.??.??"]
[WhiteTeam "SC Kreuzberg"]
[BlackTeam "BSC Rehberge"]

1. Nf3 d5 2. e3 Nf6 3. c4 e6 4. Nc3 Be7 5. b3 O-O 6. Bb2 c5 7. cxd5 exd5 8. d4
b6 9. Be2 Bb7 10. O-O Nbd7 11. Bd3 Bd6 12. Ne2 Re8 13. Ng3 Ne4 14. dxc5 Ndxc5
15. Bb5 Nxg3 16. hxg3 Re4 17. Nd4 a6 18. Be2 Re8 19. Rc1 Qd7 20. Bg4 Qd8 21.
Rc2 Be5 22. Qf3 Qf6 23. Rd1 Bc8 24. Bxc8 Raxc8 25. Qxd5 Rcd8 26. Qf3 Qg6 27.
Qe2 Qf6 28. Qc4 Qg6 29. Rcc1 h5 30. Qc2 Ne4 31. Qe2 h4 32. Rc6 Qh7 33. gxh4
Qxh4 34. f4 Ng3 35. Qf3 Bf6 36. Kf2 Qh2 37. Rxf6 Ne4+ 38. Ke2 Nxf6 39. Rd2 Nd5
0-1

[Event "Lichtenberger Sommer 2018"]
[Site "?"]
[Date "2018.08.19"]
[Round "2.22"]
[White "Barskij, Aleksandr"]
[Black "Hamann, Carsten"]
[Result "1-0"]
[WhiteElo "1890"]
[BlackElo "2141"]
[PlyCount "121"]
[EventDate "2018.??.??"]
[WhiteTeam "SV Unna"]
[BlackTeam "Preetzer TSV"]

1. e4 e6 2. d4 d5 3. Nd2 Be7 4. c3 c5 5. dxc5 Bxc5 6. Bd3 Nc6 7. Ngf3 Nf6 8.
Qe2 a5 9. e5 Nd7 10. O-O O-O 11. Nb3 Be7 12. a4 f6 13. exf6 Nxf6 14. Nbd4 Nxd4
15. Nxd4 Qb6 16. Bg5 Bc5 17. Rad1 Bd7 18. Bc2 Rae8 19. Bf4 Bd6 20. Bxd6 Qxd6
21. f3 e5 22. Nb5 Qc5+ 23. Qf2 Qxf2+ 24. Rxf2 Bxb5 25. axb5 Rc8 26. Ra1 b6 27.
Re2 Rc5 28. Bd3 d4 29. cxd4 exd4 30. Ra4 Nd5 31. Rxd4 Nf4 32. Re7 Nxd3 33. Rxd3
Rc1+ 34. Kf2 Rc2+ 35. Kg3 Rc5 36. Rdd7 Rg5+ 37. Kf2 h6 38. h4 Rg6 39. h5 Rg5
40. g4 Rxg4 41. Ke3 Rg5 42. f4 Rg1 43. Ke4 Rg4 44. Ke5 Rg1 45. f5 Re1+ 46. Kf4
Rf1+ 47. Ke4 Re1+ 48. Kd5 Rxf5+ 49. Kc6 Rf6+ 50. Kb7 Rxe7 51. Rxe7 g5 52. hxg6
Rxg6 53. Rc7 Rg2 54. Kxb6 Rxb2 55. Kxa5 h5 56. b6 Ra2+ 57. Kb4 Rb2+ 58. Kc5 h4
59. b7 Rc2+ 60. Kd6 Rd2+ 61. Ke5 1-0

[Event "Lichtenberger Sommer 2018"]
[Site "?"]
[Date "2018.08.19"]
[Round "2.23"]
[White "McGowan, Daniel"]
[Black "Krieger, Fabian"]
[Result "1-0"]
[WhiteElo "2139"]
[BlackElo "1936"]
[PlyCount "77"]
[EventDate "2018.??.??"]
[WhiteTeam "SF 1903 Berlin"]
[BlackTeam "SV Mattnetz Berlin"]

1. e4 Nf6 2. e5 Nd5 3. d4 d6 4. Nf3 dxe5 5. Nxe5 c6 6. Be2 Bf5 7. O-O Nd7 8.
Nf3 e6 9. c4 N5f6 10. Nc3 Be7 11. h3 O-O 12. Bf4 Qa5 13. a3 Ne4 14. Nxe4 Bxe4
15. Qb3 Qb6 16. Qe3 Nf6 17. Qc3 a5 18. Nd2 Bg6 19. Bf3 Rfd8 20. c5 Qa6 21. Nc4
Nd5 22. Bxd5 cxd5 23. Nb6 Ra7 24. Rad1 Qb5 25. Rfe1 Qc6 26. Rc1 Ra6 27. Qg3 Re8
28. b3 Bd8 29. Na4 h6 30. Nc3 Bf6 31. Qe3 Rc8 32. b4 axb4 33. axb4 Qd7 34. b5
Ra3 35. Qd2 Rca8 36. c6 bxc6 37. bxc6 Qd8 38. Nb5 Ra2 39. Qb4 1-0

[Event "Lichtenberger Sommer 2018"]
[Site "?"]
[Date "2018.08.19"]
[Round "2.24"]
[White "Grillich, Alexander"]
[Black "Albert, Jörg"]
[Result "1/2-1/2"]
[WhiteElo "1941"]
[BlackElo "2141"]
[PlyCount "60"]
[EventDate "2018.??.??"]
[WhiteTeam "SC Rochade (Berlin)"]
[BlackTeam "SV Eiche Reichenbrand"]

1. e4 c6 2. d4 d5 3. exd5 cxd5 4. c4 Nf6 5. Nc3 Nc6 6. Nf3 g6 7. b3 Bg7 8. Bb2
O-O 9. Be2 Bg4 10. O-O Rc8 11. cxd5 Nxd5 12. Nxd5 Qxd5 13. h3 Bxf3 14. Bxf3 Qd6
15. Bxc6 Rxc6 16. Qe2 Rfc8 17. Rfd1 Rc2 18. Rd2 Rxd2 19. Qxd2 Qd5 20. Rc1 Rxc1+
21. Qxc1 Bf6 22. Qe3 Qf5 23. Qc1 Qd3 24. g3 Kg7 25. d5 Qxd5 26. Bxf6+ Kxf6 27.
Qh6 Qd1+ 28. Kg2 Qd5+ 29. Kg1 Qd1+ 30. Kg2 Qd5+ 1/2-1/2

[Event "Lichtenberger Sommer 2018"]
[Site "?"]
[Date "2018.08.19"]
[Round "2.25"]
[White "Krefenstein, Sergej"]
[Black "Matitschka, Heinz"]
[Result "1-0"]
[WhiteElo "2120"]
[BlackElo "1938"]
[PlyCount "81"]
[EventDate "2018.??.??"]
[WhiteTeam "TuS Makkabi Berlin"]
[BlackTeam "TSG Oberschöneweide"]

1. Nf3 Nf6 2. g3 e6 3. Bg2 d5 4. b3 Be7 5. Bb2 Nbd7 6. O-O c6 7. d3 Qc7 8. c4
O-O 9. Nc3 Re8 10. Rc1 Qa5 11. Rc2 Nc5 12. Qd2 Qb4 13. Rb1 a5 14. Ba1 Qb6 15.
Rcc1 Bf8 16. Nd1 Ncd7 17. Qf4 Ba3 18. Rc2 Be7 19. g4 Nf8 20. Ne5 Ng6 21. Nxg6
hxg6 22. e4 dxc4 23. dxc4 e5 24. Bxe5 Bxg4 25. Ne3 Be6 26. Bf3 Qb4 27. Bc3 Qa3
28. Kg2 Rad8 29. Qc7 a4 30. Qxb7 axb3 31. Rxb3 Qc5 32. e5 Nh5 33. Qxc6 Nf4+ 34.
Kg3 Nh5+ 35. Kg2 Nf4+ 36. Kg3 Nh5+ 37. Kg2 Nf4+ 38. Kg1 Nh3+ 39. Kf1 Bxc4+ 40.
Nxc4 Rd1+ 41. Be1 1-0

[Event "Lichtenberger Sommer 2018"]
[Site "?"]
[Date "2018.08.19"]
[Round "2.26"]
[White "Vogel, Robert"]
[Black "Alten, Silvio"]
[Result "1/2-1/2"]
[WhiteElo "2134"]
[BlackElo "1899"]
[PlyCount "59"]
[EventDate "2018.??.??"]
[WhiteTeam "SG Pang-Rosenheim"]
[BlackTeam "SV Mattnetz Berlin"]

1. d4 Nf6 2. c4 e6 3. g3 d5 4. Bg2 Be7 5. Nf3 O-O 6. O-O c6 7. Nbd2 Nbd7 8. b3
b6 9. Bb2 Bb7 10. e3 Rc8 11. Qe2 Qc7 12. Rac1 Qb8 13. Rc2 Rfd8 14. Rfc1 c5 15.
cxd5 Nxd5 16. a3 cxd4 17. Nxd4 Bf6 18. Ne4 Ne7 19. Nxf6+ Nxf6 20. e4 Rxc2 21.
Rxc2 e5 22. Nb5 Ng6 23. f3 Ne8 24. Bc1 Ba6 25. a4 Nd6 26. Ba3 Nxb5 27. axb5 Bc8
28. Bf1 Nf8 29. Rd2 Qc7 30. Rc2 1/2-1/2

[Event "Lichtenberger Sommer 2018"]
[Site "?"]
[Date "2018.08.19"]
[Round "2.27"]
[White "Kievelitz, Bernd"]
[Black "Daverkausen, Bernd"]
[Result "0-1"]
[WhiteElo "1868"]
[BlackElo "2132"]
[PlyCount "68"]
[EventDate "2018.??.??"]
[WhiteTeam "SC Zitadelle Spandau"]
[BlackTeam "Kölner SK Dr. Lasker"]

1. Nf3 Nf6 2. c4 g6 3. Nc3 Bg7 4. e4 d6 5. d4 O-O 6. h3 Na6 7. Be3 e5 8. d5 Nh5
9. Qd2 f5 10. exf5 gxf5 11. Bh6 Nc5 12. Bxg7 Kxg7 13. b4 Ne4 14. Nxe4 fxe4 15.
Qg5+ Qxg5 16. Nxg5 Nf6 17. f3 exf3 18. gxf3 a5 19. Rg1 Kh8 20. b5 Bf5 21. h4 h6
22. Ne6 Bxe6 23. dxe6 Nh5 24. O-O-O b6 25. Bd3 Nf4 26. Rg4 Rae8 27. Be4 Rxe6
28. Kd2 Ree8 29. Rdg1 Rg8 30. Bd5 Rxg4 31. Rxg4 Re7 32. Rg8+ Kh7 33. Rf8 Ng6
34. Be4 Kg7 0-1

[Event "Lichtenberger Sommer 2018"]
[Site "?"]
[Date "2018.08.19"]
[Round "2.28"]
[White "Meyer-Dunker, Paul"]
[Black "Strehlow, Horst"]
[Result "1-0"]
[WhiteElo "2017"]
[BlackElo "1981"]
[PlyCount "81"]
[EventDate "2018.??.??"]
[WhiteTeam "SC Friesen Lichtenberg"]
[BlackTeam "SG TT/WiHeil"]

1. e4 e6 2. d4 d5 3. e5 c5 4. c3 Nc6 5. Be3 cxd4 6. cxd4 Qb6 7. Qd2 Bd7 8. Nc3
Rc8 9. Rc1 Na5 10. b3 Ba3 11. Rc2 Ne7 12. Bd3 Rxc3 13. Rxc3 Bb4 14. Ne2 Bb5 15.
O-O Bxc3 16. Nxc3 Bxd3 17. Qxd3 O-O 18. Na4 Qd8 19. Bg5 b6 20. Rc1 Qd7 21. Bxe7
Qxe7 22. Rc3 f6 23. Qg3 fxe5 24. Qxe5 Qf6 25. Qe3 Qf5 26. g3 h6 27. Kg2 Rf6 28.
Nb2 Qb1 29. Rc8+ Kh7 30. Qd3+ Qxd3 31. Nxd3 Nb7 32. Rc7 Nd6 33. Rxa7 Nb5 34.
Rb7 Nxd4 35. Rxb6 g5 36. a4 Rf3 37. Rb7+ Kg8 38. Nc5 Rc3 39. b4 e5 40. a5 Nc6
41. a6 1-0

[Event "Lichtenberger Sommer 2018"]
[Site "?"]
[Date "2018.08.19"]
[Round "2.29"]
[White "Lehmkuhl, Stefan"]
[Black "Freundorfer, Josef"]
[Result "0-1"]
[WhiteElo "1892"]
[BlackElo "2147"]
[PlyCount "36"]
[EventDate "2018.??.??"]
[WhiteTeam "Breloher SC"]
[BlackTeam "MTV Ingolstadt"]

1. f4 e5 2. fxe5 d6 3. exd6 Bxd6 4. Nf3 Nf6 5. d3 Ng4 6. e4 Bxh2 7. Qe2 Bg3+ 8.
Kd2 Nf2 9. Rh5 Qf6 10. c3 Bg4 11. Rd5 Be6 12. Rb5 Nc6 13. Kc2 h6 14. Be3 Ng4
15. Nbd2 O-O-O 16. Nd4 Nxe3+ 17. Qxe3 Bf2 18. Qf3 Bxd4 0-1